[Event "BCF-chT 2324 (4NCL)"]
[Site "England"]
[Date "2024.02.10"]
[Round "5.6"]
[White "Kalaiyalahan, Akshaya"]
[Black "Flint, Martina"]
[Result "1-0"]
[WhiteElo "2132"]
[BlackElo "1808"]
[PlyCount "79"]
[EventDate "2023.11.11"]
[EventType "team-tourn"]
[EventRounds "11"]
[EventCountry "ENG"]
[SourceTitle "CB11_2024"]
[SourceDate "2024.03.13"]
[SourceVersion "1"]
[SourceVersionDate "2024.03.13"]
[SourceQuality "1"]
[WhiteTeam "Wood Green Youth"]
[BlackTeam "Chessable White Rose II"]
[WhiteTeamCountry "ENG"]
[BlackTeamCountry "ENG"]

1. d4 Nf6 2. c4 g6 3. g3 Bg7 4. Bg2 0-0 5. Nc3 d6 6. Nf3 c6 7. 0-0 Qc7 8. e4 e5 9. h3 a6 10. a4 a5 11. Be3 Na6 12. Rc1 Qe7 13. Re1 Bd7 14. Qc2 Nb4 15. Qd2 c5 16. d5 Nh5 17. Qd1 Nf6 18. Nh2 Nh5 19. Nb5 Bxb5 20. axb5 b6 21. Ra1 Kh8 22. Bd2 Qc7 23. Bc3 Rae8 24. Qd2 f5 25. Nf3 fxe4 26. Rxe4 Bf6 27. h4 Qd7 28. Ng5 Bxg5 29. hxg5 Kg8 30. b3 Rf7 31. Rf1 Ref8 32. Kh2 Ng7 33. Bh3 Nf5 34. f4 exf4 35. Rfxf4 Qd8 36. Bf6 Rxf6 37. gxf6 Qxf6 38. g4 Qg5 39. gxf5 gxf5 40. Rg4 1-0

[Event "Harrogate 4NCL op-B 31st"]
[Site "Harrogate"]
[Date "2024.01.21"]
[Round "4"]
[White "Salisbury, Paul"]
[Black "Flint, Martina"]
[Result "0-1"]
[WhiteElo "1728"]
[BlackElo "1941"]
[PlyCount "66"]
[EventDate "2024.01.19"]
[EventType "swiss"]
[EventRounds "5"]
[EventCountry "ENG"]
[SourceTitle "CB06_2024"]
[SourceDate "2024.02.07"]
[SourceVersion "1"]
[SourceVersionDate "2024.02.07"]
[SourceQuality "1"]

1. e4 g6 2. d4 Bg7 3. Nc3 d6 4. Be3 c6 5. Qd2 b5 6. h4 h5 7. Nh3 Bxh3 8. Rxh3 Nf6 9. f3 Qc7 10. Qf2 b4 11. Nd1 Nbd7 12. Be2 a5 13. c3 Rb8 14. c4 c5 15. dxc5 Nxc5 16. Bxc5 dxc5 17. Qg3 Qxg3+ 18. Rxg3 Nd7 19. Rb1 Be5 20. Rh3 e6 21. Nf2 Ke7 22. Nd3 Bd4 23. f4 Nb6 24. b3 Nd7 25. Bf3 Nf6 26. Rd1 Rbd8 27. Ke2 Rd7 28. e5 Ng4 29. Bc6 Rdd8 30. Rhh1 Ne3 31. Rdg1 Nf5 32. g3 Bxg1 33. Rxg1 Nd4+ 0-1

[Event "BCF-chT 2223 (4NCL)"]
[Site "England"]
[Date "2023.01.14"]
[Round "3.6"]
[White "Flint, Martina"]
[Black "Haydon, David Leslie"]
[Result "0-1"]
[WhiteElo "1828"]
[BlackElo "2262"]
[PlyCount "112"]
[EventDate "2022.10.22"]
[EventType "team-swiss"]
[EventRounds "11"]
[EventCountry "ENG"]
[SourceTitle "CBM 213 Extra"]
[Source "ChessBase"]
[SourceDate "2023.05.31"]
[SourceVersion "1"]
[SourceVersionDate "2023.05.31"]
[SourceQuality "1"]
[WhiteTeam "Chessable White Rose II"]
[BlackTeam "Wood Green"]
[WhiteTeamCountry "ENG"]
[BlackTeamCountry "ENG"]

1. f4 Nf6 2. g3 d5 3. Nf3 c5 4. Bg2 Nc6 5. 0-0 g6 6. c3 Bg7 7. d3 0-0 8. Qc2 d4 9. c4 Ng4 10. h3 Ne3 11. Bxe3 dxe3 12. Nc3 e5 13. fxe5 Nxe5 14. Nd5 Re8 15. Rab1 Nc6 16. Kh2 Qd6 17. a3 Bd7 18. b4 cxb4 19. axb4 Rac8 20. Ng5 Bf5 21. Ne4 Qe5 22. Qa2 Nd4 23. Rbe1 Bxe4 24. dxe4 a6 25. h4 f5 26. Nxe3 Kh8 27. Nd5 fxe4 28. Rf4 e3 29. Re4 Qh5 30. Rxe3 Rxe3 31. Nxe3 Be5 32. Kh3 Bc7 33. Nd5 Qf5+ 34. Kh2 Be5 35. Bf3 Rf8 36. Rf1 Kg7 37. Qd2 Re8 38. Ne3 Qd7 39. Qd3 Bxg3+ 40. Kg2 Bxh4 41. Nd5 Nxf3 42. Qxf3 Qe6 43. e3 Bd8 44. Kg1 h5 45. Kh2 Be7 46. c5 Rd8 47. e4 Qe5+ 48. Kh1 Rf8 49. Nf4 Kh6 50. Kg2 Qg5+ 51. Kh2 Qh4+ 52. Kg2 g5 53. Rh1 Rxf4 54. Rxh4 Rxf3 55. Rh1 Rb3 56. Rd1 Rxb4 0-1

[Event "BCF-chT3N 1718 (4NCL)"]
[Site "England"]
[Date "2018.03.18"]
[Round "8.55"]
[White "McLaughlin, Noel"]
[Black "Flint, Martina"]
[Result "1-0"]
[WhiteElo "1961"]
[BlackElo "1844"]
[PlyCount "85"]
[EventDate "2017.11.11"]
[EventType "team-swiss"]
[EventRounds "11"]
[EventCountry "ENG"]
[SourceTitle "EXT 2020"]
[Source "ChessBase"]
[SourceDate "2019.10.17"]
[SourceVersion "1"]
[SourceVersionDate "2019.10.17"]
[SourceQuality "1"]
[WhiteTeam "Holmes Chapel"]
[BlackTeam "Jorvik"]
[WhiteTeamCountry "ENG"]
[BlackTeamCountry "ENG"]

1. Nf3 d6 2. e4 Nf6 3. Nc3 g6 4. d4 Bg7 5. Be2 0-0 6. Bg5 h6 7. Bf4 c6 8. h3 Nh5 9. Bh2 b5 10. g4 Nf6 11. e5 Nd5 12. Nxd5 cxd5 13. Qd2 a6 14. exd6 e6 15. a4 bxa4 16. Rxa4 Qd7 17. Ra3 Nc6 18. Ne5 Nxe5 19. dxe5 Bb7 20. g5 Kh7 21. gxh6 Bh8 22. h4 f6 23. h5 fxe5 24. hxg6+ Kxg6 25. Rg1+ Kh7 26. Rg7+ Bxg7 27. hxg7 Rf5 28. Rh3+ Kg8 29. Rh8+ Kf7 30. Bh5+ Rxh5 31. Rxh5 Qa4 32. Bxe5 Rg8 33. Bd4 Qa1+ 34. Ke2 Qa4 35. Qf4+ Ke8 36. b3 Qb5+ 37. Kd1 Rxg7 38. Bxg7 Kd7 39. Qf7+ Kxd6 40. Bf8+ Kc6 41. Qxe6+ Kc7 42. Rh7+ Kb8 43. Bd6+ 1-0

[Event "BCF-chT3Na 1516 (4NCL)"]
[Site "England"]
[Date "2015.11.14"]
[Round "1.78"]
[White "Flint, Martina"]
[Black "Drabble, Andrew"]
[Result "1/2-1/2"]
[WhiteElo "1806"]
[BlackElo "2058"]
[PlyCount "35"]
[EventDate "2015.11.14"]
[EventType "team-swiss"]
[EventRounds "7"]
[EventCountry "ENG"]
[SourceTitle "CBM 169 Extra"]
[Source "ChessBase"]
[SourceDate "2015.12.18"]
[SourceVersion "1"]
[SourceVersionDate "2015.12.18"]
[SourceQuality "1"]
[WhiteTeam "Jorvik"]
[BlackTeam "Bradford DCA Knights"]
[WhiteTeamCountry "ENG"]
[BlackTeamCountry "ENG"]

1. f4 d5 2. g3 Nf6 3. Bg2 c6 4. Nf3 Bg4 5. 0-0 Nbd7 6. d3 Qc7 7. Nbd2 e5 8. fxe5 Nxe5 9. Nxe5 Qxe5 10. Nf3 Qc7 11. c3 Bc5+ 12. Kh1 0-0 13. Bf4 Bd6 14. Qd2 Rfe8 15. Rae1 Rad8 16. Nd4 Qd7 17. Bg5 Be7 18. Qf4 1/2-1/2

[Event "BCF-chT3N 1314 (4NCL)"]
[Site "England"]
[Date "2013.11.16"]
[Round "1.107"]
[White "Dossett, Christopher S"]
[Black "Flint, Martina"]
[Result "1/2-1/2"]
[WhiteElo "1936"]
[BlackElo "1854"]
[PlyCount "94"]
[EventDate "2013.11.16"]
[EventType "team-swiss"]
[EventRounds "6"]
[EventCountry "ENG"]
[SourceTitle "CBM 157 Extra"]
[Source "ChessBase"]
[SourceDate "2013.12.19"]
[SourceVersion "1"]
[SourceVersionDate "2013.12.19"]
[SourceQuality "1"]
[WhiteTeam "Bradford DCA Knights III"]
[BlackTeam "Jorvik"]
[WhiteTeamCountry "ENG"]
[BlackTeamCountry "ENG"]

1. Nf3 f5 2. e4 fxe4 3. Ng5 Nf6 4. d3 exd3 5. Bxd3 e5 6. Nxh7 Qe7 7. Bg6+ Kd8 8. Ng5 Rh4 9. Nf7+ Ke8 10. Nd6+ Kd8 11. Nf5 Re4+ 12. Be3 Qb4+ 13. Nd2 Rg4 14. Bf7 d6 15. Ng3 Qb5 16. h3 Rb4 17. Bb3 Nbd7 18. c4 Qc6 19. a3 Rxb3 20. Qxb3 Qxg2 21. 0-0-0 b6 22. Qc2 Bb7 23. Rdg1 Qc6 24. Bg5 Qc5 25. Nge4 Qa5 26. Rh2 d5 27. cxd5 Bxd5 28. Nc3 Kc8 29. Nxd5 Qxd5 30. Rd1 Kb7 31. f4 exf4 32. Bxf4 Rc8 33. Nc4 Qf3 34. Qg2 Qxg2 35. Rxg2 Nc5 36. Be5 Ncd7 37. Bxf6 Nxf6 38. Ne3 Nh5 39. Rd7 Nf4 40. Rg4 Ne6 41. Nf5 Nc5 42. Rf7 Nd3+ 43. Kc2 Ne5 44. Rgxg7 Nxf7 45. Rxf7 Kc6 46. Ne7+ Bxe7 47. Rxe7 Rh8 1/2-1/2

[Event "BCF-chT3 1213 (4NCL)"]
[Site "England"]
[Date "2013.03.23"]
[Round "7.177"]
[White "Adams, Mark"]
[Black "Flint, Martina"]
[Result "1-0"]
[WhiteElo "2014"]
[BlackElo "1888"]
[PlyCount "49"]
[EventDate "2012.11.03"]
[EventType "team-swiss"]
[EventRounds "11"]
[EventCountry "ENG"]
[SourceTitle "EXT 2014"]
[Source "ChessBase"]
[SourceDate "2013.11.20"]
[SourceVersion "1"]
[SourceVersionDate "2013.11.20"]
[SourceQuality "1"]
[WhiteTeam "The Full Ponty"]
[BlackTeam "Jorvik"]
[WhiteTeamCountry "ENG"]
[BlackTeamCountry "ENG"]

1. e4 d6 2. d4 g6 3. Nc3 Bg7 4. Be3 c6 5. Qd2 h5 6. h3 b5 7. Bd3 Qc7 8. Nf3 b4 9. Ne2 a5 10. 0-0 Nd7 11. Rfe1 Ngf6 12. c3 Rb8 13. c4 c5 14. e5 dxe5 15. dxe5 Nh7 16. e6 Ne5 17. exf7+ Kxf7 18. Nxe5+ Bxe5 19. Nf4 Bf5 20. Bxf5 gxf5 21. Qd5+ Ke8 22. Ng6 Bh2+ 23. Kf1 Nf6 24. Qxf5 Rh7 25. Bg5 1-0

[Event "BCF-chT3N 1213 (4NCL)"]
[Site "England"]
[Date "2013.02.24"]
[Round "6.87"]
[White "Flint, Martina"]
[Black "Mulleady, Peter J"]
[Result "1-0"]
[WhiteElo "1888"]
[BlackElo "1905"]
[PlyCount "79"]
[EventDate "2012.11.24"]
[EventType "team-swiss"]
[EventRounds "6"]
[EventCountry "ENG"]
[SourceTitle "EXT 2014"]
[Source "ChessBase"]
[SourceDate "2013.11.20"]
[SourceVersion "1"]
[SourceVersionDate "2013.11.20"]
[SourceQuality "1"]
[WhiteTeam "Jorvik"]
[BlackTeam "Manchester Manticores"]
[WhiteTeamCountry "ENG"]
[BlackTeamCountry "ENG"]

1. f4 g6 2. g3 Bg7 3. Nf3 c5 4. Bg2 Nc6 5. 0-0 Nf6 6. c3 0-0 7. d3 d5 8. Qc2 Qb6 9. Kh1 d4 10. Na3 Be6 11. e4 dxe3 12. Bxe3 a5 13. h3 Rfd8 14. d4 cxd4 15. Bxd4 Nxd4 16. Nxd4 Bd5 17. Nf3 Qc6 18. Kh2 Be4 19. Qf2 Rd3 20. Ne5 Qa6 21. Nxd3 Bxd3 22. Rfe1 e6 23. Rad1 Rc8 24. Qe3 Bb5 25. Rd2 Bc6 26. Bf1 Qa8 27. Nc4 Nd5 28. Qf2 b5 29. Ne5 Be8 30. Bg2 f6 31. Nf3 Bf7 32. Nd4 Qa6 33. Qe2 Nc7 34. Nc6 Bf8 35. Nd8 Qb6 36. Qd3 Nd5 37. Bxd5 exd5 38. Nxf7 Kxf7 39. Qxd5+ Kg7 40. Qd7+ 1-0

[Event "BCF-chT2 1011 (4NCL) North"]
[Site "England"]
[Date "2011.01.16"]
[Round "4"]
[White "Flint, Martina"]
[Black "Driscoll, Michael"]
[Result "1/2-1/2"]
[WhiteElo "1906"]
[BlackElo "1914"]
[PlyCount "68"]
[EventDate "2010.11.06"]
[EventType "team-swiss"]
[EventRounds "9"]
[EventCountry "ENG"]
[SourceTitle "EXT 2012"]
[Source "ChessBase"]
[SourceDate "2011.11.24"]
[SourceVersion "1"]
[SourceVersionDate "2011.11.24"]
[SourceQuality "1"]

1. f4 c5 2. g3 d5 3. Bg2 Nf6 4. d3 g6 5. c3 Bg7 6. Nf3 0-0 7. 0-0 Nc6 8. Qc2 Bg4 9. e4 Bxf3 10. Bxf3 e6 11. g4 h6 12. Be3 b6 13. Na3 Rc8 14. e5 Nh7 15. Qg2 a6 16. Bf2 Qd7 17. Rad1 Rc7 18. Nc2 Ne7 19. d4 Kh8 20. Ne3 Rg8 21. Kh1 cxd4 22. Rxd4 b5 23. Nc2 Rc4 24. Rfd1 Rxd4 25. Nxd4 Qc7 26. Qf1 Qc4 27. a3 Qxf1+ 28. Rxf1 Rb8 29. Be2 Kg8 30. Nb3 g5 31. Bc5 Re8 32. Bd6 gxf4 33. Rxf4 Ng6 34. Rf2 Bxe5 1/2-1/2

[Event "BCF-chT2 1011 (4NCL) North"]
[Site "England"]
[Date "2010.11.06"]
[Round "1"]
[White "Armstrong, Malcolm J"]
[Black "Flint, Martina"]
[Result "1-0"]
[WhiteElo "1961"]
[BlackElo "1906"]
[PlyCount "63"]
[EventDate "2010.11.06"]
[EventType "team-swiss"]
[EventRounds "9"]
[EventCountry "ENG"]
[SourceTitle "EXT 2012"]
[Source "ChessBase"]
[SourceDate "2011.11.24"]
[SourceVersion "1"]
[SourceVersionDate "2011.11.24"]
[SourceQuality "1"]

1. d4 f5 2. Nc3 g6 3. e4 fxe4 4. Nxe4 d5 5. Ng3 Nf6 6. Nf3 Nc6 7. c3 Qd6 8. Bb5 Bg4 9. h3 Bxf3 10. Qxf3 a6 11. Bf4 Qe6+ 12. Be2 0-0-0 13. 0-0 h5 14. Rfe1 Qf7 15. b4 h4 16. Nf1 Ne4 17. Rac1 g5 18. Bh2 Qxf3 19. Bxf3 Nf6 20. Ne3 Na7 21. a4 b6 22. c4 dxc4 23. Rxc4 Ne8 24. Rec1 e5 25. Bxe5 Rh7 26. Be4 Rf7 27. Bg6 Re7 28. Bxe8 Rdxe8 29. Rxc7+ Rxc7 30. Rxc7+ Kd8 31. Rxa7 Re6 32. Nd5 1-0

[Event "BCF-chT2d 0910 (4NCL) Demotion pool"]
[Site "England"]
[Date "2010.05.01"]
[Round "9.8"]
[White "Ward, Matthew J"]
[Black "Flint, Martina"]
[Result "0-1"]
[WhiteElo "1705"]
[BlackElo "1770"]
[PlyCount "40"]
[EventDate "2009.10.24"]
[EventType "team-tourn"]
[EventRounds "4"]
[EventCountry "ENG"]
[SourceTitle "EXT 2010"]
[Source "ChessBase"]
[SourceDate "2010.11.25"]
[SourceVersion "1"]
[SourceVersionDate "2010.11.25"]
[SourceQuality "1"]
[WhiteTeam "Guildford III"]
[BlackTeam "White Rose II"]
[WhiteTeamCountry "ENG"]
[BlackTeamCountry "ENG"]

1. d4 f5 2. Nf3 g6 3. c4 Nf6 4. g3 Bg7 5. Bg2 d6 6. 0-0 0-0 7. Nc3 c6 8. Qc2 Qc7 9. b3 e5 10. dxe5 dxe5 11. Ba3 Re8 12. Rad1 c5 13. Nb5 Qb6 14. Rd6 Nc6 15. Rfd1 Ne4 16. R6d3 Qa5 17. Nd2 a6 18. Bxe4 fxe4 19. Nxe4 axb5 20. cxb5 Nd4 0-1

[Event "BCF-chT2d 0910 (4NCL) Demotion pool"]
[Site "England"]
[Date "2010.03.28"]
[Round "8.8"]
[White "Flint, Martina"]
[Black "Shields, Callum T"]
[Result "1-0"]
[WhiteElo "1770"]
[BlackElo "1530"]
[PlyCount "83"]
[EventDate "2009.10.24"]
[EventType "team-tourn"]
[EventRounds "4"]
[EventCountry "ENG"]
[SourceTitle "EXT 2010"]
[Source "ChessBase"]
[SourceDate "2010.11.25"]
[SourceVersion "1"]
[SourceVersionDate "2010.11.25"]
[SourceQuality "1"]
[WhiteTeam "White Rose II"]
[BlackTeam "FCA Solutions"]
[WhiteTeamCountry "ENG"]
[BlackTeamCountry "ENG"]

1. f4 d6 2. g3 Nf6 3. Nf3 h6 4. Bg2 g6 5. 0-0 Bg7 6. c3 c5 7. d3 0-0 8. e4 Nfd7 9. g4 Nc6 10. Na3 a6 11. h3 Re8 12. f5 g5 13. Qe1 b5 14. h4 f6 15. Nc2 Nde5 16. Nxe5 Nxe5 17. Qe2 e6 18. d4 cxd4 19. cxd4 Nc4 20. b3 Nb6 21. Nb4 Qd7 22. Bb2 e5 23. h5 Bb7 24. Rfc1 Rec8 25. d5 Rxc1+ 26. Rxc1 Rc8 27. Bf1 Rxc1 28. Bxc1 Qc7 29. Be3 Kf7 30. Nc6 Nc8 31. Nb4 Qc3 32. Qd2 Qxd2 33. Bxd2 Bf8 34. a4 a5 35. Nc6 Bxc6 36. dxc6 b4 37. Ba6 Nb6 38. c7 Be7 39. Be3 Nd7 40. c8Q Nc5 41. Bc4+ Kg7 42. Qg8# 1-0

[Event "Niedersachsen-ch"]
[Site "Verden"]
[Date "2006.01.06"]
[Round "4"]
[White "Flint, Martina"]
[Black "Langenfeld, Olaf"]
[Result "0-1"]
[WhiteElo "1789"]
[BlackElo "1534"]
[PlyCount "34"]
[EventDate "2006.01.??"]
[EventType "swiss"]
[EventRounds "7"]
[EventCountry "GER"]
[SourceTitle "CBM 110 Extra"]
[Source "ChessBase"]
[SourceDate "2006.03.10"]
[SourceVersion "2"]
[SourceVersionDate "2006.03.10"]
[SourceQuality "1"]

1. f4 e5 2. fxe5 d6 3. exd6 Bxd6 4. g3 h5 5. d4 h4 6. e4 hxg3 7. e5 Qh4 8. Nf3 g2+ 9. Nxh4 gxh1Q 10. Nf3 Be7 11. Bf4 Bh3 12. Nbd2 Bh4+ 13. Nxh4 Rxh4 14. Bg3 Rxd4 15. Qe2 Bxf1 16. Qxf1 Qxf1+ 17. Nxf1 Nc6 0-1